000 00664nam a22002177a 4500
003 UA-OsUOA
001 112131
007 ta
008 20150622b un ||||| |||| 00| 0 ukr d
100 _aГрабовський С.
090 _a94(477)
_bГ75
942 _cSA
040 _aUA-OsUOA
_bukr
_cUA-OsUOA
_dUA-OsUOA
245 _aГрандіозна маніпуляція та її витоки. "Велика Вітчизняна" без радянських міфологем
300 _aС.11
955 _a0
041 _aukr
080 _a94(477)
773 0 _w112129
650 7 _a9 Географія. Біографії. Історія
_2UDC
999 _c398178
_d398178